000 00734nam a2200229 i 4500
001 101047
003 ES-MaACL
005 20230906182818.0
007 t|
008 051011s1958 sp ||||1| spa d
100 1 _aMaugham, W. Somerset.
_979192
245 1 0 _aTras una noche de espanto /
_cpor W. Somerset Maugham; [versión castellana de J. Romero de Tejada, Guido Parpagnoli, Isidoro Guerrero].
260 _aBarcelona :
_bG.P.,
_c1958.
300 _a125 p. ;
_c18 cm.
490 1 _aLibros Plaza
700 1 _aRomero de Tejada, J.
_999376
700 1 _aParpagnoli, Guido.
_989215
700 1 _aGuerrero, Isidoro.
_960548
830 0 _aLibros Plaza
_9181449
852 _aES-MaACL
_jC-13742
_bR.41615
999 _c101047
_d101047